Autopsia del presupuesto civilista: como derrocha una casta los dineros del pueblo

Salvato in:
Dettagli Bibliografici
Autore principale: Seoane, Manuel (Autore)
Natura: Libro
Lingua:spagnolo
Pubblicazione: Buenos Aires Comite Aprista Peruano 1936
Soggetti:
Tags: Aggiungi Tag
Nessun Tag, puoi essere il primo ad aggiungerne!!

MARC

LEADER 00000nam a2200000 a 4500
001 UCX0719
003 CL-VaPUC
008 900119e19360000AG |||||||||||||||||spa|d
082 0 4 |a 985.07  |b SEO  |2 21 
100 0 |a Seoane, Manuel  |e author  |9 316149 
245 1 0 |a Autopsia del presupuesto civilista: como derrocha una casta los dineros del pueblo 
300 |a 229 p 
942 |c BK 
945 |d 19900119 00:00:00 
260 |a Buenos Aires  |b Comite Aprista Peruano  |c 1936 
650 7 |a PRESUPUESTO  |2 CL-VaPUC  |9 306206 
650 0 |a Aspectos económicos  |9 255165 
650 7 |a DESPILFARRO ECONOMIA  |2 CL-VaPUC  |9 316150 
650 0 |a Finanzas  |9 260832 
650 0 |a Condiciones económicas  |9 258255 
650 0 |a Política económica   |9 255029 
651 0 |a Perú  |9 256567 
583 |a last modification  |c 19900119 00:00:00  |k Rodrigo Vera 
999 |c 222231  |d 222229 
952 |0 0  |1 0  |4 0  |6 985_070000000000000_SEO_1936  |7 0  |8 X  |9 216648  |a BIBHIS  |b BIBHIS  |d 2019-11-15  |i 285287K  |o 985.07 SEO 1936  |p 285287K  |r 2024-01-30  |w 2019-11-15  |y BK_X  |k HIS